Länder mit den meisten Pizza Hut Restaurants - Statistiken

Allgemein
  • Dieses Quiz wurde 533 mal gespielt
  • Das Durchschnittsergebnis liegt bei 7 aus 10
Antwortstatistiken
Anzahl Land % Korrekt
6.501 Vereinigte Staaten
100%
480 Kanada
94%
2.590 China
88%
471 Japan
83%
548 Vereinigtes Königreich
78%
609 Indien
73%
781 Spanien
65%
403 Südkorea
60%
541 Indonesien
47%
424 Malaysia
27%
Keine übereinstimmenden Quizze gefunden
Verteilung der Resultate
Anzahl Personen mit jedem Resultat
Perzentil nach korrekt beantworteten Fragen
Ihre Resultats-Entwicklung
Sie haben dieses Quiz noch nicht gespielt